Garibaldi and the making of the Italy / (Record no. 186946)

000 -LEADER
fixed length control field 00575 a2200169 4500
003 - CONTROL NUMBER IDENTIFIER
control field Nust
005 - DATE AND TIME OF LATEST TRANSACTION
control field 20230202094143.0
040 ## - CATALOGING SOURCE
Transcribing agency Nust
082 ## - DEWEY DECIMAL CLASSIFICATION NUMBER
Classification number 937.01,TRE
100 ## - MAIN ENTRY--PERSONAL NAME
Personal name Treveiyan, M. George
9 (RLIN) 108434
245 ## - TITLE STATEMENT
Title Garibaldi and the making of the Italy /
Statement of responsibility, etc. George M, revelyan
260 ## - PUBLICATION, DISTRIBUTION, ETC.
Place of publication, distribution, etc. London
Name of publisher, distributor, etc. Thomas nelson and sons
Date of publication, distribution, etc. 1924
300 ## - PHYSICAL DESCRIPTION
Extent 340
505 ## - FORMATTED CONTENTS NOTE
Formatted contents note Introduction(Page-1), Preliminary (Page-17),The Defence Of Rome (Page-119),Garibaldi’s Retreat Escape (Page-229).
650 ## - SUBJECT ADDED ENTRY--TOPICAL TERM
Topical term or geographic name entry element Garibaldi and the making of the itly
9 (RLIN) 108435
942 ## - ADDED ENTRY ELEMENTS (KOHA)
Source of classification or shelving scheme
Koha item type Book
Call number prefix 937.01,TRE
Holdings
Withdrawn status Lost status Source of classification or shelving scheme Damaged status Not for loan Permanent Location Current Location Shelving location Date acquired Full call number Barcode Date last seen Price effective from Koha item type Public note
          Military College of Signals (MCS) Military College of Signals (MCS) General Stacks 12/12/2016 937.01,TRE MCS29398 12/08/2016 12/12/2016 Book Almirah No. 59, Shelf No. 6
          Military College of Signals (MCS) Military College of Signals (MCS) General Stacks 12/12/2016 937,TRE MCS29430 12/08/2016 12/12/2016 Book Almirah No.75, Shelf No.5
© 2023 Central Library, National University of Sciences and Technology. All Rights Reserved.